Evaluative study of government primary schools Meerut district in context of right to education act (RTE) 2009 / (Record no. 27365)
[ view plain ]
| 000 -LEADER | |
|---|---|
| fixed length control field | 00630nam a2200169Ia 4500 |
| 008 - FIXED-LENGTH DATA ELEMENTS--GENERAL INFORMATION | |
| fixed length control field | 220217s9999||||xx |||||||||||||| ||eng|| |
| 082 ## - DEWEY DECIMAL CLASSIFICATION NUMBER | |
| Classification number | RK.0308 |
| 100 ## - MAIN ENTRY--PERSONAL NAME | |
| Personal name | Kumar, Rajive |
| Affiliation | N.A.S. College |
| -- | Meerut, Uttar Pradesh |
| 245 #0 - TITLE STATEMENT | |
| Title | Evaluative study of government primary schools Meerut district in context of right to education act (RTE) 2009 / |
| Statement of responsibility, etc. | Rajive Kumar |
| 260 ## - PUBLICATION, DISTRIBUTION, ETC. | |
| Place of publication, distribution, etc. | New Delhi : |
| Name of publisher, distributor, etc. | Indian Council of Social Science Research, |
| Date of publication, distribution, etc. | 2014 |
| 300 ## - PHYSICAL DESCRIPTION | |
| Extent | 254p. |
| 536 ## - FUNDING INFORMATION NOTE | |
| Text of note | Indian Council of Social Science Research |
| 546 ## - LANGUAGE NOTE | |
| Language note | English |
| 650 ## - SUBJECT ADDED ENTRY--TOPICAL TERM | |
| Topical term or geographic name entry element | Education |
| General subdivision | Primary |
| Geographic subdivision | IndiaMeerut |
| 650 ## - SUBJECT ADDED ENTRY--TOPICAL TERM | |
| Topical term or geographic name entry element | Right to education |
| 942 ## - ADDED ENTRY ELEMENTS (KOHA) | |
| Koha item type | Research Reports |
| Withdrawn status | Lost status | Source of classification or shelving scheme | Damaged status | Not for loan | Collection code | Home library | Current library | Date acquired | Source of acquisition | Total Checkouts | Full call number | Barcode | Date last seen | Price effective from | Koha item type |
|---|---|---|---|---|---|---|---|---|---|---|---|---|---|---|---|
| Dewey Decimal Classification | Not For Loan | Minor Research project Reports | NASSDOC Library | NASSDOC Library | 11/01/2022 | Gifted by: RP Division ICSSR | RK.0308 | 52018 | 17/02/2022 | 17/02/2022 | Research Reports |
